000 00212nmm a2200085Ia 4500
008 220120s9999||||xx |||||||||||||||||und||
100 _aJNCASR
245 0 _aNanoworld multimedia modules in science
260 _aJNCASR
999 _c139664
_d139664